[Event "4NCL Division 2b"]
[Site "De Vere, Staverton Park ENG"]
[Date "2013.02.24"]
[Round "6.53"]
[White "Snape, Ian L"]
[Black "Buckley, David E"]
[Result "1/2-1/2"]
[WhiteElo "2249"]
[BlackElo "2257"]
[PlyCount "100"]
[EventDate "2013.02.24"]
[WhiteTeam "The AD's"]
[BlackTeam "Bristol 1"]

1. e4 e6 2. d4 d5 3. Nc3 Nf6 4. e5 Nfd7 5. f4 c5 6. Nf3 Nc6 7. Be3 Qb6 8. Na4
Qa5+ 9. c3 b6 10. Kf2 Ba6 11. b3 Be7 12. a3 Bxf1 13. Rxf1 O-O 14. b4 Qb5 15.
Rc1 Qa6 16. Qb3 c4 17. Qc2 f6 18. Kg1 fxe5 19. fxe5 Rf5 20. Ra1 Raf8 21. Nb2
Qc8 22. Nd1 Qe8 23. Bf2 Qh5 24. Ne3 R5f7 25. Bg3 Bg5 26. Nxg5 Qxg5 27. Rxf7
Rxf7 28. Qd2 Qg6 29. a4 Nf8 30. Rf1 Rxf1+ 31. Nxf1 h6 32. Ne3 Qe4 33. Kf2 Nh7
34. h4 Qg6 35. Qe2 Ne7 36. Qc2 Qxc2+ 37. Nxc2 a6 38. Bf4 h5 39. Bc1 Kf7 40. b5
a5 41. g3 Kg6 42. Ba3 Kf7 43. Bc1 g5 44. Ne3 gxh4 45. gxh4 Nf8 46. Ng2 Nfg6 47.
Nf4 Nxf4 48. Bxf4 Ng6 49. Bg5 Ke8 50. Ke3 Kd7 1/2-1/2

[Event "4NCL Division 2b"]
[Site "De Vere, Staverton Park ENG"]
[Date "2013.02.24"]
[Round "6.55"]
[White "Swindells, Jonathan E"]
[Black "Dilleigh, Stephen P"]
[Result "0-1"]
[WhiteElo "2167"]
[BlackElo "2112"]
[PlyCount "112"]
[EventDate "2013.02.24"]
[WhiteTeam "The AD's"]
[BlackTeam "Bristol 1"]

1. e4 e6 2. d3 d5 3. Nd2 Nf6 4. Ngf3 c5 5. g3 g6 6. Bg2 Bg7 7. O-O O-O 8. Nh4
e5 9. exd5 Nxd5 10. Ne4 Na6 11. a3 f5 12. Ng5 Re8 13. Re1 Nac7 14. c4 Ne7 15.
Ngf3 Nc6 16. Rb1 a5 17. Be3 Ne6 18. Qd2 Bf6 19. Bh6 a4 20. Re3 f4 21. Ree1 Nc7
22. Bf1 g5 23. Ng2 g4 24. Nfh4 Nd4 25. Kh1 Ra6 26. Bxf4 exf4 27. Rxe8+ Nxe8 28.
Qxf4 Qd6 29. Qe4 Qe6 30. Qf4 Qe5 31. Qxe5 Bxe5 32. Re1 Re6 33. Ne3 Bf6 34. Bg2
Nc7 35. Be4 Bxh4 36. gxh4 Rf6 37. Nxg4 Bxg4 38. Rg1 h5 39. h3 Ne2 40. Rg2 Nf4
41. Rg3 Nxh3 42. f3 Nf2+ 43. Kg2 Nxe4 44. dxe4 Rxf3 45. Rxf3 Bxf3+ 46. Kxf3 Kf7
47. Kf4 Kf6 48. e5+ Ke6 49. Kg5 Kxe5 50. Kxh5 Kf5 51. Kh6 Ne6 52. Kh7 Kg4 53.
Kg6 Nf4+ 54. Kf6 Nd3 55. Ke6 Nxb2 56. Kd5 b6 0-1

[Event "4NCL Division 2b"]
[Site "De Vere, Staverton Park ENG"]
[Date "2013.02.24"]
[Round "6.56"]
[White "Bennett, Dominic L"]
[Black "Besedin, Pavel"]
[Result "0-1"]
[WhiteElo "2009"]
[BlackElo "2081"]
[PlyCount "65"]
[EventDate "2013.02.24"]
[WhiteTeam "Bristol 1"]
[BlackTeam "The AD's"]

1. Nf3 g6 2. e4 Bg7 3. Be2 d6 4. d4 Nf6 5. Nc3 O-O 6. h3 c6 7. a4 e5 8. dxe5
dxe5 9. Qxd8 Rxd8 10. Bc4 Nbd7 11. b3 h6 12. a5 Nc5 13. Bb2 Nfxe4 14. Nxe4 Nxe4
15. Bxe5 Ng5 16. Bxg7 Nxf3+ 17. gxf3 Kxg7 18. Bd3 Rd5 19. Be4 Rh5 20. a6 f5 21.
Bd3 b6 22. Ra4 Be6 23. Rd4 Kf6 24. Rd6 c5 25. Kd2 Ke7 26. Rc6 Rc8 27. Bb5 Rxc6
28. Bxc6 Rh4 29. Re1 Kd6 30. Be8 g5 31. Bg6 Rxh3 32. Ke2 h5 33. Rd1+ 0-1

[Event "4NCL Division 2b"]
[Site "De Vere, Staverton Park ENG"]
[Date "2013.02.24"]
[Round "6.57"]
[White "Bellin, Jana M"]
[Black "Thompson, Robert"]
[Result "0-1"]
[WhiteElo "2128"]
[BlackElo "1954"]
[PlyCount "78"]
[EventDate "2013.02.24"]
[WhiteTeam "The AD's"]
[BlackTeam "Bristol 1"]

1. d4 Nf6 2. Nf3 g6 3. c4 Bg7 4. Nc3 O-O 5. Bg5 d6 6. e3 Nbd7 7. Be2 c5 8. O-O
b6 9. d5 h6 10. Bh4 g5 11. Bg3 Nh5 12. Qc2 Nxg3 13. hxg3 a6 14. e4 Qc7 15. a4
Rb8 16. Rac1 e6 17. Bd3 Ne5 18. Nxe5 Bxe5 19. Qe2 Qe7 20. Qh5 Kg7 21. Rc2 Bd7
22. b3 Qf6 23. Ne2 b5 24. axb5 axb5 25. f4 Bd4+ 26. Kh2 bxc4 27. bxc4 Rb3 28.
Rd2 e5 29. Nxd4 cxd4 30. fxe5 Qxe5 31. Rdf2 f6 32. Qe2 h5 33. Qc2 Rc3 34. Qb1
h4 35. Rd2 Qxg3+ 36. Kg1 Qe3+ 37. Rff2 h3 38. gxh3 Bxh3 39. Bf1 Rh8 0-1

[Event "4NCL Division 2b"]
[Site "De Vere, Staverton Park ENG"]
[Date "2013.02.24"]
[Round "6.61"]
[White "Arnott, Jonathan W"]
[Black "Snuverink, Jochem"]
[Result "0-1"]
[WhiteElo "2188"]
[BlackElo "2346"]
[PlyCount "138"]
[EventDate "2013.02.24"]
[WhiteTeam "White Rose 2"]
[BlackTeam "Kings Head"]

1. e4 c5 2. Nf3 g6 3. d3 Bg7 4. g3 Nc6 5. Bg2 e6 6. O-O Nge7 7. Nbd2 O-O 8. Re1
b5 9. e5 Qc7 10. Qe2 Nf5 11. Nb3 Bb7 12. c3 Na5 13. Nxa5 Qxa5 14. Bg5 f6 15.
exf6 Bxf6 16. Bxf6 Rxf6 17. Ne5 Qc7 18. Bxb7 Qxb7 19. Qe4 Rb8 20. Ng4 Rf7 21.
Qxb7 Rxb7 22. Re5 h5 23. Rxf5 Rxf5 24. Nh6+ Kg7 25. Nxf5+ gxf5 26. b3 Kf6 27.
f4 d6 28. Kf2 e5 29. Re1 a5 30. Ke3 h4 31. Kf3 hxg3 32. hxg3 Rh7 33. Kg2 Rh8
34. d4 cxd4 35. cxd4 exd4 36. Rd1 Rc8 37. Rxd4 Rc2+ 38. Kf3 Ke6 39. Rd3 Rxa2
40. g4 fxg4+ 41. Kxg4 Rg2+ 42. Kf3 Rg1 43. Kf2 Rb1 44. f5+ Ke5 45. f6 Kxf6 46.
Rxd6+ Ke5 47. Rd3 Ke4 48. Rh3 Kd4 49. Ke2 Kc5 50. Kd2 Kb4 51. Kc2 Rg1 52. Rh4+
Ka3 53. Rh5 Rg2+ 54. Kc1 b4 55. Rxa5+ Kxb3 56. Ra8 Rg1+ 57. Kd2 Kb2 58. Rb8 b3
59. Rb7 Rg8 60. Rd7 Rc8 61. Rd6 Ka2 62. Ra6+ Kb1 63. Rb6 b2 64. Rb7 Rd8+ 65.
Ke2 Rd5 66. Rb8 Kc2 67. Rc8+ Kb3 68. Rb8+ Kc3 69. Rc8+ Kb4 0-1

[Event "4NCL Division 2b"]
[Site "De Vere, Staverton Park ENG"]
[Date "2013.02.24"]
[Round "6.62"]
[White "McMichael, Richard J"]
[Black "Gayson, Peter M"]
[Result "0-1"]
[WhiteElo "2248"]
[BlackElo "2215"]
[PlyCount "140"]
[EventDate "2013.02.24"]
[WhiteTeam "Kings Head"]
[BlackTeam "White Rose 2"]

1. f4 d5 2. Nf3 Nf6 3. e3 e6 4. d4 c5 5. c3 Nc6 6. Bd3 Be7 7. O-O O-O 8. Nbd2
b6 9. Ne5 Bb7 10. Qf3 Nd7 11. Qh3 f5 12. Nxd7 Qxd7 13. Nf3 Qc8 14. Rf2 Ba6 15.
Bc2 Bf6 16. g4 g6 17. gxf5 gxf5 18. Bd2 Kh8 19. Kh1 Rg8 20. Ng5 Bxg5 21. fxg5
Rg6 22. Qg3 Kg8 23. Rc1 Qb8 24. Rf4 Qd6 25. h4 Be2 26. Rg1 Bh5 27. Bd1 Bxd1 28.
Rxd1 Rf8 29. h5 Rg7 30. Rg1 e5 31. Rh4 Qe7 32. Rh2 f4 33. exf4 exf4 34. Qf3 Qe4
35. Rf2 cxd4 36. cxd4 Nxd4 37. Qxe4 dxe4 38. Rxf4 Rxf4 39. Bxf4 Ne2 40. Be5
Nxg1 41. Bxg7 Nf3 42. Bc3 Nxg5 43. Kg2 Kf7 44. Kg3 Ne6 45. Kg4 a5 46. Kf5 e3
47. Ke4 e2 48. Ke3 Ng7 49. Kxe2 Nxh5 50. Be5 Nf6 51. Kf3 Ke6 52. Bd4 Nd7 53.
Kf4 Kd5 54. Bg7 Nc5 55. Bh8 Nd3+ 56. Ke3 Nc1 57. a3 Kc4 58. Kd2 Nb3+ 59. Kc2 a4
60. Bf6 b5 61. Bd8 h5 62. Bf6 Nd4+ 63. Kd2 Nf5 64. Ke2 Kb3 65. Kd3 Nd6 66. Kd4
h4 67. Kd5 h3 68. Be5 Nc4 69. Bh2 Ne3+ 70. Kc5 Nf1 0-1

[Event "4NCL Division 2b"]
[Site "De Vere, Staverton Park ENG"]
[Date "2013.02.24"]
[Round "6.63"]
[White "Shaw, Peter"]
[Black "Haria, Ravi"]
[Result "0-1"]
[WhiteElo "2151"]
[BlackElo "2053"]
[PlyCount "66"]
[EventDate "2013.02.24"]
[WhiteTeam "White Rose 2"]
[BlackTeam "Kings Head"]

1. d4 Nf6 2. c4 c5 3. d5 b5 4. cxb5 a6 5. bxa6 g6 6. Nc3 Bxa6 7. e4 Bxf1 8.
Kxf1 d6 9. Nf3 Nbd7 10. g3 Bg7 11. Kg2 O-O 12. a4 Ra6 13. Qc2 Qa8 14. Nb5 Ne8
15. Ra2 f5 16. Ng5 fxe4 17. Qxe4 Ne5 18. Rd1 h6 19. Ne6 Nf6 20. Qe2 Nxd5 21. f3
Rxf3 22. Kg1 Rf6 23. Nbc7 Nxc7 24. Nxc7 Qb7 25. Nxa6 Nf3+ 26. Kh1 Nd4+ 27. Qg2
Qb3 28. Rf1 Rxf1+ 29. Qxf1 Qd5+ 30. Qg2 Qxa2 31. Be3 Qxa4 32. Nc7 Qd1+ 33. Bg1
Nf3 0-1

[Event "4NCL Division 2b"]
[Site "De Vere, Staverton Park ENG"]
[Date "2013.02.24"]
[Round "6.64"]
[White "Balaji, Ananthanarayanan"]
[Black "Adams, David M"]
[Result "1/2-1/2"]
[WhiteElo "1919"]
[BlackElo "2216"]
[PlyCount "105"]
[EventDate "2013.02.24"]
[WhiteTeam "Kings Head"]
[BlackTeam "White Rose 2"]

1. e4 e5 2. Nf3 Nf6 3. Nxe5 d6 4. Nf3 Nxe4 5. Nc3 Nxc3 6. dxc3 Be7 7. Bf4 Bg4
8. h3 Bxf3 9. Qxf3 Nc6 10. Bd3 Qd7 11. O-O-O g6 12. h4 O-O-O 13. Bb5 h5 14. g3
Kb8 15. Qd5 Bf6 16. Be3 Rhf8 17. Rhe1 Rde8 18. Bxc6 Qxc6 19. Qxc6 bxc6 20. Bd4
Bh8 21. Rxe8+ Rxe8 22. Bxh8 Rxh8 23. Re1 Kc8 24. Re7 Rf8 25. Kd2 Kd8 26. Re4
Kd7 27. Ra4 Rb8 28. b3 Rb5 29. Rxa7 Rd5+ 30. Ke2 Re5+ 31. Kd2 Rd5+ 32. Kc1 Rc5
33. c4 Rf5 34. f4 f6 35. Kd2 d5 36. Ra4 Kd6 37. Ke3 Kc5 38. a3 Kb6 39. Rb4+ Kc5
40. Ra4 Kb6 41. Kd4 dxc4 42. bxc4 Kb7 43. Rb4+ Kc8 44. Rb3 Ra5 45. Kc3 c5 46.
Kb2 Ra4 47. Rc3 Ra6 48. Kb3 Kd7 49. Rd3+ Ke6 50. Rd5 Ra5 51. f5+ gxf5 52. Rd8
f4 53. gxf4 1/2-1/2

[Event "4NCL Division 2b"]
[Site "De Vere, Staverton Park ENG"]
[Date "2013.02.24"]
[Round "6.65"]
[White "Burnett, Jim"]
[Black "Guthrie, David W"]
[Result "1/2-1/2"]
[WhiteElo "2143"]
[BlackElo "2170"]
[PlyCount "50"]
[EventDate "2013.02.24"]
[WhiteTeam "White Rose 2"]
[BlackTeam "Kings Head"]

1. d4 Nf6 2. c4 e6 3. Nf3 d5 4. Nc3 Be7 5. Bg5 h6 6. Bh4 O-O 7. e3 b6 8. Bd3
Bb7 9. O-O Nbd7 10. Qe2 dxc4 11. Bxc4 Ne4 12. Bg3 Bd6 13. Rac1 Nxg3 14. hxg3 a6
15. a3 b5 16. Ba2 c5 17. Rfd1 Qe7 18. Bb1 Rfd8 19. Ne4 Bxe4 20. Bxe4 Ra7 21.
Bb1 c4 22. Qc2 g6 23. e4 e5 24. Qd2 Kg7 25. Qe3 Raa8 1/2-1/2

[Event "4NCL Division 2b"]
[Site "De Vere, Staverton Park ENG"]
[Date "2013.02.24"]
[Round "6.66"]
[White "Wittmann, Jochen"]
[Black "Weller, Pierre"]
[Result "1/2-1/2"]
[WhiteElo "2176"]
[BlackElo "2124"]
[PlyCount "23"]
[EventDate "2013.02.24"]
[WhiteTeam "Kings Head"]
[BlackTeam "White Rose 2"]

1. f4 g6 2. Nf3 d5 3. g3 Bg7 4. Bg2 Nf6 5. O-O c5 6. d3 O-O 7. c3 Nc6 8. Ne5
Qc7 9. Nxc6 bxc6 10. e4 Nd7 11. Na3 e6 12. Re1 1/2-1/2

[Event "4NCL Division 2b"]
[Site "De Vere, Staverton Park ENG"]
[Date "2013.02.24"]
[Round "6.68"]
[White "Mackenzie, Colin"]
[Black "Vrba, Michal"]
[Result "1/2-1/2"]
[WhiteElo "2091"]
[BlackElo "2022"]
[PlyCount "57"]
[EventDate "2013.02.24"]
[WhiteTeam "Kings Head"]
[BlackTeam "White Rose 2"]

1. c4 c5 2. Nc3 Nc6 3. Nf3 g6 4. g3 Bg7 5. Bg2 e5 6. d3 d6 7. O-O Nge7 8. a3 h6
9. Rb1 a5 10. Ne1 O-O 11. Nc2 Rb8 12. b4 axb4 13. axb4 b6 14. bxc5 bxc5 15.
Rxb8 Nxb8 16. Ne3 Nbc6 17. Ned5 Nxd5 18. Nxd5 Bd7 19. Bd2 f5 20. Bc3 g5 21. Qa1
Be8 22. Rb1 Rf7 23. Rb6 Ra7 24. Ra6 Rxa6 25. Qxa6 Qb8 26. Qb6 Qxb6 27. Nxb6 Kf7
28. Nd5 Nd4 29. Bxd4 1/2-1/2

[Event "4NCL Division 2b"]
[Site "De Vere, Staverton Park ENG"]
[Date "2013.02.24"]
[Round "6.71"]
[White "Sands, David A"]
[Black "Quillan, Gary"]
[Result "1/2-1/2"]
[WhiteElo "2235"]
[BlackElo "2398"]
[PlyCount "106"]
[EventDate "2013.02.24"]
[WhiteTeam "Barbican Youth"]
[BlackTeam "3Cs 1"]

1. d4 e6 2. c4 Nf6 3. Nc3 c5 4. d5 exd5 5. cxd5 d6 6. e4 g6 7. h3 Bg7 8. Bd3
O-O 9. Bg5 h6 10. Be3 Re8 11. Nf3 Nbd7 12. O-O a6 13. a4 Rb8 14. Re1 g5 15. Rc1
Nh7 16. b3 Nhf8 17. Ne2 Ng6 18. Ng3 Nf6 19. Nd2 b5 20. axb5 axb5 21. Bf1 Bd7
22. f3 Ra8 23. Nb1 Qa5 24. Bd2 Qb6 25. Kh1 Rec8 26. Be3 Qb7 27. Qc2 Ra6 28. Nc3
Rca8 29. Rb1 Ra3 30. Bc1 R3a7 31. Bd2 Ra3 32. Bc1 R3a7 33. Bd2 Rb8 34. Nd1 Qa8
35. Ne3 Ra2 36. Qd1 Nh4 37. Bc1 Qa6 38. Re2 Rxe2 39. Bxe2 Qc8 40. Bf1 Qe8 41.
Bb2 Qe7 42. Qc1 Ne8 43. Nh5 Be5 44. Bxe5 Qxe5 45. Qb2 Qxb2 46. Rxb2 Ra8 47. Kg1
f6 48. Kf2 Kf7 49. Ng3 Nc7 50. Bd3 Ra5 51. Ne2 Na6 52. Nc3 Nb4 53. Bf1 Ng6
1/2-1/2

[Event "4NCL Division 2b"]
[Site "De Vere, Staverton Park ENG"]
[Date "2013.02.24"]
[Round "6.72"]
[White "Ashton, Adam G"]
[Black "O'Toole, George E"]
[Result "1-0"]
[WhiteElo "2367"]
[BlackElo "2216"]
[PlyCount "118"]
[EventDate "2013.02.24"]
[WhiteTeam "3Cs 1"]
[BlackTeam "Barbican Youth"]

1. e4 e5 2. Nf3 Nc6 3. Bb5 a6 4. Ba4 Nf6 5. O-O Be7 6. Re1 b5 7. Bb3 O-O 8. a4
Bb7 9. d3 d6 10. Nbd2 Na5 11. Ba2 c5 12. Nf1 Bc8 13. c3 Be6 14. d4 Bxa2 15.
Rxa2 Qc7 16. Ne3 cxd4 17. cxd4 Rfc8 18. Bd2 Bf8 19. axb5 axb5 20. Qb1 Nb3 21.
Rxa8 Rxa8 22. Bc3 b4 23. Bxb4 Qb7 24. Ba3 exd4 25. Nf5 d5 26. e5 Ne4 27. N3xd4
Qb6 28. Qd1 Nxd4 29. Qxd4 Qxd4 30. Nxd4 Bxa3 31. Ra1 f6 32. e6 Rc8 33. bxa3 Kf8
34. f3 Nd6 35. Rb1 Ke7 36. Rb4 Ra8 37. a4 h5 38. Kf2 g6 39. h4 Ne8 40. g4 Kd6
41. Ke3 hxg4 42. fxg4 Ke5 43. Kd3 f5 44. gxf5 gxf5 45. h5 Nd6 46. Nb5 Nxb5 47.
axb5 Kxe6 48. b6 Kf6 49. b7 Rb8 50. h6 Kg6 51. Rb6+ Kh7 52. Kd4 f4 53. Kxd5 f3
54. Kc6 f2 55. Rb1 Rf8 56. Rf1 Kxh6 57. Kc7 Rf7+ 58. Kb6 Rf8 59. Ka7 Ra8+ 1-0

[Event "4NCL Division 2b"]
[Site "De Vere, Staverton Park ENG"]
[Date "2013.02.24"]
[Round "6.73"]
[White "Moss, Guy"]
[Black "Longson, Alexander"]
[Result "0-1"]
[WhiteElo "1964"]
[BlackElo "2270"]
[PlyCount "102"]
[EventDate "2013.02.24"]
[WhiteTeam "Barbican Youth"]
[BlackTeam "3Cs 1"]

1. e4 c5 2. Nf3 d6 3. c3 Nf6 4. h3 Nbd7 5. Bd3 b6 6. O-O Bb7 7. Re1 Qc7 8. Bc2
Rc8 9. d3 g6 10. Bf4 Bg7 11. Nbd2 O-O 12. a4 Ne5 13. Bxe5 dxe5 14. Nc4 Rcd8 15.
Qb1 Nh5 16. Qa2 Nf4 17. Rad1 Bc8 18. Ne3 Be6 19. c4 a5 20. Nd5 Qd6 21. Nxf4
exf4 22. e5 Qc7 23. b3 Bc8 24. Rd2 Bb7 25. Bd1 Bxf3 26. Bxf3 Bxe5 27. Rde2 Bf6
28. Rd1 Bd4 29. Qd2 Qd6 30. Qe1 e6 31. Rc2 f5 32. Re2 e5 33. Bd5+ Kg7 34. Kh1
Qf6 35. f3 Rfe8 36. Rc2 Qg5 37. Re2 Qh5 38. Qf1 g5 39. Rc2 Rd6 40. Qe2 Rh6 41.
Kh2 g4 42. fxg4 fxg4 43. Qf1 Rf8 44. Re2 Rff6 45. Bb7 gxh3 46. gxh3 f3 47. Rc2
Qg5 48. Bc8 f2 49. Re2 Rfg6 50. Bg4 Qf4+ 51. Kh1 Rxg4 0-1

[Event "4NCL Division 2b"]
[Site "De Vere, Staverton Park ENG"]
[Date "2013.02.24"]
[Round "6.74"]
[White "Bentley, John L"]
[Black "Stewart, Ashley"]
[Result "1/2-1/2"]
[WhiteElo "2212"]
[BlackElo "2040"]
[PlyCount "102"]
[EventDate "2013.02.24"]
[WhiteTeam "3Cs 1"]
[BlackTeam "Barbican Youth"]

1. d4 Nf6 2. c4 e6 3. g3 d5 4. Bg2 Bb4+ 5. Bd2 Be7 6. Nf3 O-O 7. O-O c6 8. Qc2
b6 9. Rd1 Ba6 10. Ne5 Nfd7 11. cxd5 cxd5 12. e4 Nxe5 13. dxe5 d4 14. b4 Qd7 15.
a4 Rc8 16. Qb2 Be2 17. Re1 Bh5 18. f4 Nc6 19. Na3 a5 20. bxa5 bxa5 21. h3 h6
22. Nb5 Nb4 23. Bxb4 Bxb4 24. Nd6 Bxe1 25. Rxe1 Rcb8 26. Qxd4 Bg6 27. f5 Bh7
28. g4 Rb4 29. Qc5 Rxa4 30. Rb1 Rb4 31. Rxb4 axb4 32. Qxb4 Qa7+ 33. Kh2 Qe3 34.
Qb2 Qf4+ 35. Kh1 Qg3 36. Nxf7 Qa3 37. Qxa3 Rxa3 38. Nd8 exf5 39. exf5 Re3 40.
Nc6 Kf8 41. Kg1 g6 42. Kf2 Rc3 43. f6 Bg8 44. Be4 g5 45. Nd4 Rc4 46. Ke3 Rc3+
47. Kd2 Rxh3 48. Bg6 Bf7 49. Bf5 h5 50. e6 Rh2+ 51. Ke3 Bxe6 1/2-1/2

[Event "4NCL Division 2b"]
[Site "De Vere, Staverton Park ENG"]
[Date "2013.02.24"]
[Round "6.75"]
[White "Ayvazyan, Nikita"]
[Black "Jaunooby, Ali Reza"]
[Result "1-0"]
[WhiteElo "1940"]
[BlackElo "2189"]
[PlyCount "69"]
[EventDate "2013.02.24"]
[WhiteTeam "Barbican Youth"]
[BlackTeam "3Cs 1"]

1. e4 g6 2. d4 Bg7 3. Nc3 d6 4. Be3 a6 5. Qd2 b5 6. O-O-O Bb7 7. f3 Nd7 8. Kb1
b4 9. Nce2 c5 10. dxc5 dxc5 11. Nf4 Bc6 12. h4 Qa5 13. h5 Nb6 14. b3 g5 15. Nd3
Rd8 16. Bxc5 Bc3 17. Qf2 Nc8 18. Ne2 Be5 19. Bxb4 Rxd3 20. Bxa5 Rxd1+ 21. Nc1
Bf4 22. g3 Rxc1+ 23. Kb2 Rxf1 24. Rxf1 Be5+ 25. Kb1 Bd7 26. f4 gxf4 27. gxf4
Bg7 28. Rd1 f5 29. e5 e6 30. Qd4 Bc6 31. Qd8+ Kf7 32. Qxc8 Ne7 33. Qc7 Rc8 34.
Qb6 Be4 35. Rc1 1-0

[Event "4NCL Division 2b"]
[Site "De Vere, Staverton Park ENG"]
[Date "2013.02.24"]
[Round "6.76"]
[White "Walton, Alan J"]
[Black "Brett, Andrew R"]
[Result "1-0"]
[WhiteElo "2153"]
[BlackElo "2105"]
[PlyCount "89"]
[EventDate "2013.02.24"]
[WhiteTeam "3Cs 1"]
[BlackTeam "Barbican Youth"]

1. d4 e6 2. e4 d5 3. Nd2 Nc6 4. c3 e5 5. dxe5 dxe4 6. Qa4 e3 7. fxe3 Bd7 8.
Ngf3 Nge7 9. Qe4 Bf5 10. Qf4 h6 11. Nd4 g5 12. Qf2 Bg6 13. Bb5 Bg7 14. N2f3 O-O
15. Bxc6 bxc6 16. O-O c5 17. Ne2 Qd3 18. Ng3 Nc6 19. Ne1 Qd5 20. e4 Qxe5 21.
Nd3 Qd6 22. Nxc5 Ne5 23. Be3 Ng4 24. Qf3 Nxe3 25. Qxe3 Be5 26. Rad1 Bf4 27. Qf2
Qc6 28. Ne2 Bd6 29. Rd5 Rae8 30. Ng3 f5 31. Qd4 fxe4 32. Rxf8+ Rxf8 33. Ncxe4
Bf4 34. Nf1 Qe6 35. Nf2 c6 36. Rd8 Rxd8 37. Qxd8+ Kg7 38. Qd4+ Be5 39. Qxa7+
Bf7 40. a4 Qb3 41. Ng4 Bb8 42. Qd4+ Kf8 43. Qd8+ Kg7 44. Qf6+ Kf8 45. Nxh6 1-0

[Event "4NCL Division 2b"]
[Site "De Vere, Staverton Park ENG"]
[Date "2013.02.24"]
[Round "6.77"]
[White "Morrison, Lynne GP"]
[Black "McKenna, Jason P"]
[Result "0-1"]
[WhiteElo "1905"]
[BlackElo "2143"]
[PlyCount "50"]
[EventDate "2013.02.24"]
[WhiteTeam "Barbican Youth"]
[BlackTeam "3Cs 1"]

1. d4 g6 2. Bg5 Bg7 3. c3 Nf6 4. Nf3 O-O 5. Nbd2 d6 6. e4 c5 7. Bc4 cxd4 8.
Nxd4 Nc6 9. N4f3 a6 10. O-O b5 11. Bb3 Bb7 12. Re1 Nd7 13. Nf1 b4 14. cxb4 Nxb4
15. Qd2 a5 16. a3 Nc5 17. Bc2 Nxc2 18. Qxc2 Rc8 19. Qe2 Nxe4 20. Bh4 d5 21.
Rad1 Qc7 22. Ne3 e6 23. Nd4 Qb6 24. Nec2 Ba6 25. Qg4 e5 0-1

[Event "4NCL Division 2b"]
[Site "De Vere, Staverton Park ENG"]
[Date "2013.02.24"]
[Round "6.78"]
[White "Horton, Jamie A"]
[Black "Verma, Aditya"]
[Result "1-0"]
[WhiteElo "1988"]
[BlackElo "1587"]
[PlyCount "133"]
[EventDate "2013.02.24"]
[WhiteTeam "3Cs 1"]
[BlackTeam "Barbican Youth"]

1. e4 e5 2. Nf3 Nc6 3. Bc4 Nf6 4. d3 Bc5 5. c3 h6 6. Bb3 a6 7. Nbd2 O-O 8. h3
Ba7 9. Nf1 d6 10. Ng3 Ne7 11. O-O Ng6 12. d4 Qe7 13. Re1 Re8 14. Bc2 Be6 15.
Nf5 Qd8 16. g4 Kh7 17. d5 Bd7 18. Nh2 Nf8 19. Qf3 Bxf5 20. gxf5 g6 21. Ng4 Nxg4
22. hxg4 g5 23. Kg2 Qf6 24. Rh1 Kg7 25. Bd2 Nd7 26. Rh5 Rh8 27. Rah1 Rag8 28.
Qh3 Kf8 29. Rxh6 Rxh6 30. Qxh6+ Qxh6 31. Rxh6 f6 32. Rh7 Rg7 33. Rh8+ Ke7 34.
b4 Kf7 35. a4 Rg8 36. Rh7+ Rg7 37. Rh8 Rg8 38. Rh7+ Rg7 39. Rh1 Kg8 40. Rc1 Rh7
41. Bb3 Rh4 42. f3 Kg7 43. a5 Rh8 44. Ba4 Rd8 45. Rc2 Kh6 46. Bc1 Kg7 47. Re2
Kf7 48. Re1 Kg7 49. Ba3 Kf7 50. c4 Kg7 51. Bxd7 Rxd7 52. c5 Kg8 53. Rc1 Kg7 54.
c6 bxc6 55. Rxc6 Bd4 56. Rxa6 Rd8 57. Rc6 Rd7 58. b5 Be3 59. b6 Bd2 60. Rxc7
Rxc7 61. bxc7 Bxa5 62. c8=Q Bd8 63. Qxd8 Kf7 64. Bxd6 Kg7 65. Bf8+ Kh8 66.
Qxf6+ Kh7 67. Qg7# 1-0

[Event "4NCL Division 2b"]
[Site "De Vere, Staverton Park ENG"]
[Date "2013.02.24"]
[Round "6.81"]
[White "Jones, Victor GL"]
[Black "Dargan, Paul AG"]
[Result "0-1"]
[WhiteElo "2240"]
[BlackElo "2150"]
[PlyCount "90"]
[EventDate "2013.02.24"]
[WhiteTeam "KJCA Kings"]
[BlackTeam "North East England"]

1. e4 d5 2. exd5 Nf6 3. d4 Bg4 4. Nf3 Qxd5 5. Be2 Nc6 6. c4 Qf5 7. Be3 O-O-O 8.
Nbd2 e5 9. d5 e4 10. dxc6 exf3 11. cxb7+ Kb8 12. gxf3 Bh3 13. Rg1 Bc5 14. Qb3
Rhe8 15. O-O-O Bxe3 16. fxe3 Qe5 17. e4 Qxh2 18. Qe3 Nh5 19. Rh1 Qg3 20. Rdg1
Qf4 21. Qc3 Ng3 22. Bd1 Nxh1 23. Rxh1 Bg2 24. Rxh7 g5 25. c5 g4 26. Rh4 f5 27.
c6 Qg5 28. Rh2 Bxf3 29. Bxf3 gxf3 30. Qxf3 fxe4 31. Qe2 Qc5+ 32. Nc4 Qxc6 33.
Rh5 Rh8 34. Ra5 Rh1+ 35. Kc2 Rdh8 36. Kc3 R1h3+ 37. Kb4 a6 38. Rc5 Qxb7+ 39.
Ka4 e3 40. Na5 R3h4+ 41. Nc4 Re8 42. b4 Ree4 43. a3 Rxc4 44. Rxc4 Qb5+ 45. Kb3
Qxc4+ 0-1

[Event "4NCL Division 2b"]
[Site "De Vere, Staverton Park ENG"]
[Date "2013.02.24"]
[Round "6.82"]
[White "Coathup, Roger H"]
[Black "Green, Andrew D"]
[Result "1/2-1/2"]
[WhiteElo "2123"]
[BlackElo "2152"]
[PlyCount "66"]
[EventDate "2013.02.24"]
[WhiteTeam "North East England"]
[BlackTeam "KJCA Kings"]

1. c4 g6 2. d4 Bg7 3. Nc3 Nf6 4. e4 d6 5. Be2 O-O 6. Bg5 h6 7. Be3 c5 8. d5 e6
9. Nf3 exd5 10. exd5 Bf5 11. Nh4 Ne4 12. Nxf5 Nxc3 13. bxc3 gxf5 14. O-O Nd7
15. Rb1 b6 16. Bd3 Qf6 17. Qf3 Ne5 18. Qxf5 Qxf5 19. Bxf5 Nxc4 20. Bf4 Rfe8 21.
Bd3 Ne5 22. Bb5 Re7 23. Rfe1 a6 24. Be2 b5 25. Kf1 c4 26. Bd2 Rc8 27. a4 Rc5
28. axb5 axb5 29. Red1 Rxd5 30. Be3 Nd3 31. Bxd3 cxd3 32. Bd4 Bxd4 33. cxd4
Rxd4 1/2-1/2

[Event "4NCL Division 2b"]
[Site "De Vere, Staverton Park ENG"]
[Date "2013.02.24"]
[Round "6.83"]
[White "Foord, Dominic"]
[Black "Maroroa, Sue Y"]
[Result "1-0"]
[WhiteElo "2099"]
[BlackElo "2055"]
[PlyCount "53"]
[EventDate "2013.02.24"]
[WhiteTeam "KJCA Kings"]
[BlackTeam "North East England"]

1. c4 e5 2. g3 Nc6 3. Bg2 f5 4. Nc3 Nf6 5. e3 Be7 6. Nge2 O-O 7. O-O Qe8 8. Nd5
Nxd5 9. cxd5 Nb8 10. d3 Kh8 11. Bd2 d6 12. Rc1 Bd8 13. e4 b6 14. f4 Ba6 15.
fxe5 Bxd3 16. e6 Bxe4 17. Bxe4 fxe4 18. Qa4 Bf6 19. Qxe4 Na6 20. b4 Rc8 21. Rf5
Kg8 22. Rcf1 c6 23. Nf4 Nc7 24. dxc6 d5 25. Nxd5 Nxd5 26. Qxd5 Qxc6 27. e7+ 1-0

[Event "4NCL Division 2b"]
[Site "De Vere, Staverton Park ENG"]
[Date "2013.02.24"]
[Round "6.84"]
[White "Prasath, Malola TS"]
[Black "Jones, William EG"]
[Result "0-1"]
[WhiteElo "2076"]
[BlackElo "2111"]
[PlyCount "58"]
[EventDate "2013.02.24"]
[WhiteTeam "North East England"]
[BlackTeam "KJCA Kings"]

1. e4 c5 2. Nf3 d6 3. d4 cxd4 4. Nxd4 Nf6 5. Nc3 a6 6. Be2 e5 7. Nb3 Be7 8. Be3
Be6 9. O-O O-O 10. a4 Nbd7 11. f4 exf4 12. Rxf4 Ne5 13. Nd5 Bxd5 14. exd5 Nfd7
15. Rb4 Qc7 16. a5 Bf6 17. c3 Rfe8 18. Bf2 Re7 19. Nd4 g6 20. Bf1 Rae8 21. Nf3
Nxf3+ 22. Qxf3 Bg5 23. Kh1 f5 24. Rc4 Qb8 25. Qg3 Be3 26. Rh4 Nf6 27. Bd3 Ng4
28. Rxg4 fxg4 29. Bg1 Bxg1 0-1

[Event "4NCL Division 2b"]
[Site "De Vere, Staverton Park ENG"]
[Date "2013.02.24"]
[Round "6.85"]
[White "Sathyanandha, Saravanan"]
[Black "Davey, Mark"]
[Result "1-0"]
[WhiteElo "2097"]
[BlackElo "1990"]
[PlyCount "91"]
[EventDate "2013.02.24"]
[WhiteTeam "KJCA Kings"]
[BlackTeam "North East England"]

1. e4 c5 2. c3 e6 3. d4 d5 4. e5 Nc6 5. Nf3 Qb6 6. Be2 Nge7 7. dxc5 Qxc5 8. Bf4
Qb6 9. b4 Ng6 10. Bg3 Qc7 11. Bb5 Bd7 12. O-O a6 13. Bxc6 bxc6 14. Nbd2 Be7 15.
Nb3 c5 16. Rc1 Bb5 17. Re1 O-O 18. Nfd2 Rfd8 19. bxc5 Bxc5 20. Qg4 Ba3 21. Nd4
Bxc1 22. Rxc1 Qd7 23. h4 Bd3 24. h5 Bf5 25. Qf3 Ne7 26. Bh4 Rf8 27. Qg3 h6 28.
Bf6 g6 29. N2f3 Rab8 30. Qh4 Nc8 31. hxg6 fxg6 32. Qxh6 Qh7 33. Qxh7+ Kxh7 34.
Ng5+ Kh6 35. Ngxe6 Bxe6 36. Nxe6 Re8 37. Nc7 Rg8 38. Nxd5 Nb6 39. c4 g5 40. Ne7
Rge8 41. g4 Nd7 42. Kg2 Rxe7 43. Bxe7 Nxe5 44. Bd6 Nd3 45. Rh1+ Kg6 46. Bxb8
1-0